MARC

LEADER 00000n m0a2200000 4500
001 328146
005 20231102004030.0
035 |a (RuTPU)RU\TPU\book\353846 
090 |a 328146 
100 |a 20170213d1960 k y0rusy50 ca 
101 0 |a rus 
102 |a RU 
105 |a a z 001zy 
200 1 |a Применение двухстержневых анодных делителей тока при параллельном включении вентилей  |e [оттиск статьи]  |f И. П. Чучалин, В. А. Кочегуров 
210 |a Москва  |c [Б. и.]  |d 1960 
215 |a С. 103-108  |c ил. 
225 1 |a Известия высших учебных заведений. Электромеханика  |v № 7 
317 |5 63413507: КР-2204  |a Поступила в НТБ в 2017 г. в составе книжного собрания ректора ТПИ И. П. Чучалина 
320 |a Библиогр.: с. 107-108 
606 1 |a Вентили электромагнитные  |2 stltpush  |3 (RuTPU)RU\TPU\subj\2163  |9 30758 
610 1 |a параллельное включение 
610 1 |a ток 
610 1 |a анодные делители 
610 1 |a применение 
610 1 |a зажигание 
610 1 |a допустимое распределение 
610 1 |a труды учёных ТПУ 
610 1 |a коллекция И. П. Чучалина 
610 1 |a дары библиотеке 
675 |a 621.314.632  |v 4 
700 1 |a Чучалин  |b И. П.  |c физик  |c ректор Томского института автоматизированных систем управления и радиоэлектроники (ТИАСУР), 1972-1981  |c ректор Томского политехнического института (ТПИ), 1981-1990  |c выпускник ФТФ ТПИ 1951 г.  |f 1925-  |g Иван Петрович  |2 stltpush  |3 (RuTPU)RU\TPU\pers\11823 
701 1 |a Кочегуров  |b В. А.  |c математик  |c профессор Томского политехнического университета  |f 1931-2015  |g Владимир Александрович  |2 stltpush  |3 (RuTPU)RU\TPU\pers\13833 
801 1 |a RU  |b 63413507  |c 20170213 
801 2 |a RU  |b 63413507  |c 20190124  |g RCR 
942 |c BK